| 000 -LEADER |
| fixed length control field |
00541cam a22001574a 4500 |
| 020 ## - INTERNATIONAL STANDARD BOOK NUMBER |
| ISBN |
0399145893 |
| 040 ## - CATALOGING SOURCE |
| Transcribing agency |
DLC |
| 082 00 - DEWEY DECIMAL CLASSIFICATION NUMBER |
| Classification number |
919 PUT 2000 A101 Or. |
| 100 1# - MAIN ENTRY--AUTHOR NAME |
| Personal name |
Guttridge, Leonard F. |
| 245 10 - TITLE STATEMENT |
| Title |
Ghosts of Cape Sabine : |
| Remainder of title |
the harrowing true story of the Greely Expedition / |
| 260 ## - PUBLICATION, DISTRIBUTION, ETC. (IMPRINT) |
| Place of publication |
New York : |
| Name of publisher |
Putnam, |
| Year of publication |
c2000. |
| 300 ## - PHYSICAL DESCRIPTION |
| Number of Pages |
xiv, 354 p. : |
| Other physical details |
ill., map ; |
| Dimensions |
25 cm. |
| 500 ## - GENERAL NOTE |
| General note |
Map of the North Pole and surrounding countries on endpapers. |
| 856 42 - ELECTRONIC LOCATION AND ACCESS |
| Uniform Resource Identifier |
http://www.loc.gov/catdir/enhancements/fy1209/99038168-b.html |
| 942 ## - ADDED ENTRY ELEMENTS (KOHA) |
| Koha item type |
សៀវភៅភាសាអង់គ្លេស |
| 952 ## - LOCATION AND ITEM INFORMATION (KOHA) |
| Withdrawn status [LOCAL, KOHA] |
0 |